<?xml version="1.0" encoding="UTF-8"?>
<record
    xmlns:xsi="http://www.w3.org/2001/XMLSchema-instance"
    xsi:schemaLocation="http://www.loc.gov/MARC21/slim http://www.loc.gov/standards/marcxml/schema/MARC21slim.xsd"
    xmlns="http://www.loc.gov/MARC21/slim">

  <leader>02767nam a2200349 i 4500</leader>
  <controlfield tag="001">15624</controlfield>
  <controlfield tag="003">ES-MaACL</controlfield>
  <controlfield tag="005">20251013063042.0</controlfield>
  <controlfield tag="007">t|</controlfield>
  <controlfield tag="008">000406e1999    sp a   |r     00110|spa  </controlfield>
  <datafield tag="017" ind1=" " ind2=" ">
    <subfield code="a">B 27455-1999 </subfield>
    <subfield code="b">Oficina Dep&#xF3;sito Legal Barcelona</subfield>
  </datafield>
  <datafield tag="020" ind1=" " ind2=" ">
    <subfield code="a">8476517688</subfield>
  </datafield>
  <datafield tag="040" ind1=" " ind2=" ">
    <subfield code="c">ES-MaACL</subfield>
  </datafield>
  <datafield tag="080" ind1=" " ind2=" ">
    <subfield code="a">398.4(4)"4/14" </subfield>
  </datafield>
  <datafield tag="100" ind1="1" ind2=" ">
    <subfield code="a">Lecouteux, Claude,</subfield>
    <subfield code="d">1943-</subfield>
    <subfield code="e">aut</subfield>
    <subfield code="9">71114</subfield>
  </datafield>
  <datafield tag="245" ind1="1" ind2="0">
    <subfield code="a">Demonios y genios comarcales en la Edad Media / </subfield>
    <subfield code="c">Claude Lecouteux ; prefacio de R&#xE9;gis Boyer ; [traducci&#xF3;n de Pl&#xE1;cido de Prada]</subfield>
  </datafield>
  <datafield tag="260" ind1=" " ind2=" ">
    <subfield code="a">Palma de Mallorca : </subfield>
    <subfield code="b">Jos&#xE9; J. de Ola&#xF1;eta, </subfield>
    <subfield code="c">[1999]</subfield>
  </datafield>
  <datafield tag="300" ind1=" " ind2=" ">
    <subfield code="a">195 p&#xE1;ginas : </subfield>
    <subfield code="b">ilustraciones (color) ; </subfield>
    <subfield code="c">21 cm</subfield>
  </datafield>
  <datafield tag="490" ind1="1" ind2=" ">
    <subfield code="a">Medievalia (Ola&#xF1;eta) ;</subfield>
    <subfield code="v">8</subfield>
  </datafield>
  <datafield tag="500" ind1=" " ind2=" ">
    <subfield code="a">&#xCD;ndice</subfield>
  </datafield>
  <datafield tag="520" ind1=" " ind2=" ">
    <subfield code="a">En este fascinante estudio Lecouteux investiga las creencias existentes en la Edad Media -y que han sobrevivido en el medio rural- sobre los genios que habitan en cada lugar y que han dado pie a innumerables leyendas en toda Europa. Los genios del lugar formaban parte de los elementos reguladores de la vida de nuestros antepasados y -como dice el autor- nos han legado una ley esencial: el hombre debe vivir en simbiosis con la naturaleza que le rodea y tratarla como a un ser vivo. En el seno de una naturaleza salvaje, indomada, el hombre, expuesto a peligros invisibles, se ha sentido durante mucho tiempo como un intruso, un usurpador. Toda instalaci&#xF3;n, toda colonizaci&#xF3;n, fue primero una conquista frente a una presencia primitiva y sobrenatural, casi siempre amenazadora: la de los demonios y genios del lugar. Escrutando las tradiciones populares, las sagas y los relatos, Lecouteux, eminente especialista en la Edad Media, descubre las huellas del miedo arcaico ante las criaturas sin nombre que frecuentan los espacios v&#xED;rgenes. En el origen de numerosos ritos Lecouteux identifica la voluntad de conjurar peligros y terrores, de hacer propicio al genio y de organizar, en lugares precisos, su coexistencia con el hombre. Este libro notable arroja luz, as&#xED;, sobre el papel primordial de los lugares en la elaboraci&#xF3;n de muchas creencias, y pone al descubierto la ra&#xED;z de un antiguo respeto a la naturaleza que entronca con nuestras preocupaciones ecol&#xF3;gicas m&#xE1;s actuales</subfield>
  </datafield>
  <datafield tag="534" ind1=" " ind2=" ">
    <subfield code="a">Traducci&#xF3;n de: D&#xE9;mons et g&#xE9;nies du terroir au Moyen Age</subfield>
  </datafield>
  <datafield tag="650" ind1=" " ind2="7">
    <subfield code="a">Demonolog&#xED;a</subfield>
    <subfield code="9">11589</subfield>
    <subfield code="2">embne</subfield>
  </datafield>
  <datafield tag="700" ind1="1" ind2=" ">
    <subfield code="a">Boyer, R&#xE9;gis,</subfield>
    <subfield code="d">1932-</subfield>
    <subfield code="e">aui</subfield>
    <subfield code="9">31188</subfield>
  </datafield>
  <datafield tag="700" ind1="1" ind2=" ">
    <subfield code="a">Prada, Pl&#xE1;cido de</subfield>
    <subfield code="e">trl</subfield>
    <subfield code="9">241828</subfield>
  </datafield>
  <datafield tag="700" ind1="1" ind2=" ">
    <subfield code="a">Ola&#xF1;eta, Jos&#xE9; J. de </subfield>
    <subfield code="e">edt</subfield>
    <subfield code="9">241829</subfield>
  </datafield>
  <datafield tag="830" ind1=" " ind2="0">
    <subfield code="a">Medievalia (Ola&#xF1;eta) ;</subfield>
    <subfield code="v">8</subfield>
    <subfield code="9">179804</subfield>
  </datafield>
  <datafield tag="852" ind1=" " ind2=" ">
    <subfield code="a">ES-MaACL</subfield>
    <subfield code="c">DEPO2</subfield>
    <subfield code="j">L-22716 </subfield>
    <subfield code="b">R.128013</subfield>
    <subfield code="9">15989</subfield>
  </datafield>
  <datafield tag="942" ind1=" " ind2=" ">
    <subfield code="c">MONOGRAFIA</subfield>
    <subfield code="n">0</subfield>
  </datafield>
  <datafield tag="999" ind1=" " ind2=" ">
    <subfield code="c">15624</subfield>
    <subfield code="d">15624</subfield>
  </datafield>
  <datafield tag="952" ind1=" " ind2=" ">
    <subfield code="0">0</subfield>
    <subfield code="1">0</subfield>
    <subfield code="4">0</subfield>
    <subfield code="7">0</subfield>
    <subfield code="a">ATENEOM</subfield>
    <subfield code="b">ATENEOM</subfield>
    <subfield code="c">DEPO2</subfield>
    <subfield code="d">2008-01-17</subfield>
    <subfield code="e">SC</subfield>
    <subfield code="l">0</subfield>
    <subfield code="o">L-22716</subfield>
    <subfield code="p">1015883</subfield>
    <subfield code="r">2023-02-23 00:00:00</subfield>
    <subfield code="w">2023-02-23</subfield>
    <subfield code="y">MONOGRAFIA</subfield>
  </datafield>
</record>
